| 000 | 01071nam a2200277 a 4500 | ||
|---|---|---|---|
| 001 | 000013432 | ||
| 003 | DO-SdBNP | ||
| 005 | 20180409100931.0 | ||
| 007 | 000013432 | ||
| 008 | 091124t1975 dr a 010 0dspa d | ||
| 040 |
_aBPMET _bspa _cBPMET |
||
| 100 | 1 |
_aBalaguer, Joaquín, _d1906-2002 |
|
| 245 | 1 | 0 |
_aDiscurso pronunciado por el Presidente Constitucional de la República Joaquín Balaguer, en el develizamiento de la estatua de José Martí, apóstol de la libertad de Cuba _cBalaguer, Joaquín |
| 246 | 1 | 3 | _aMartí |
| 260 |
_aSanto Domingo : _bNivar, _c1975. |
||
| 300 |
_a32 p. : _bil. ; _c22 cm. |
||
| 600 | 1 | 4 |
_aMARTI, JOSÉ, _d1853-1895 _xENSAYOS, CONFERENCIAS, ETC. |
| 651 | 4 |
_aCUBA _xHISTORIA _y1810-1899 _xENSAYOS, CONFERENCIAS, ETC. |
|
| 910 | _aValidado. Control de calidad EMS. | ||
| 942 |
_2ddc _cBK |
||
| 945 | _aRemanejado para la BNPHU / BT | ||
| 956 |
_aSARMENTERO _b10 _c20091124 _lBND01 _h1456 |
||
| 956 |
_aNMORDAN _b10 _c20100716 _lBND01 _h1125 |
||
| 956 |
_aEMARRERO _b40 _c20110524 _lBND01 _h1559 |
||
| 956 |
_aVMATEO _b10 _c20150907 _lBPMSU _h00151 |
||
| 999 |
_c7480 _d7480 |
||